[Event "Test Tournament"]
[Site "Emanuel Lasker Arena"]
[Date "2024.04.02"]
[Round "3"]
[White "MikhailBerg"]
[Black "CarlsenVomFach"]
[Result "0-1"]
[WhiteElo "1620"]
[BlackElo "2069"]
[Annotator "RC"]
[PlyCount "122"]
[EventDate "2024.04.02"]
[EventType "swiss (blitz)"]

1. e4 {[%emt 0:00:01]} Nf6 {[%emt 0:00:01]} 2. e5 {[%emt 0:00:01]} Nd5 {[%emt 0:00:01]} 3. d4 {[%emt 0:00:01]} d6 {[%emt 0:00:01]} 4. c4 {[%emt 0:00:01]} Nb6 {[%emt 0:00:01]} 5. f4 {[%emt 0:00:01]} dxe5 {[%emt 0:00:01]} 6. fxe5 {[%emt 0:00:01]} Bf5 {[%emt 0:00:01]} 7. Be3 {[%emt 0:00:01]} e6 {[%emt 0:00:01]} 8. Nc3 {[%emt 0:00:01]} Bb4 {[%emt 0:00:01]} 9. Nf3 {[%emt 0:00:01]} Bxc3+ {[%emt 0:00:00]} 10. bxc3 {[%emt 0:00:00]} Nc6 {[%emt 0:00:01]} 11. h4 {[%emt 0:00:02]} Na5 {[%emt 0:00:01]} 12. Bg5 {[%emt 0:00:02]} Qd7 {[%emt 0:00:02]} 13. c5 {[%emt 0:00:01]} Nd5 {[%emt 0:00:01]} 14. c4 {[%emt 0:00:01]} Nb4 {[%emt 0:00:01]} 15. Qd2 {[%emt 0:00:02]} Nc2+ {[%emt 0:00:01]} 16. Kf2 {[%emt 0:00:01]} Qa4 {[%emt 0:00:01]} 17. Rb1 {[%emt 0:00:01]} Nxc4 {[%emt 0:00:00]} 18. Bxc4 {[%emt 0:00:00]} Qxc4 {[%emt 0:00:01]} 19. h5 {[%emt 0:00:01]} h6 {[%emt 0:00:02]} 20. c6 {[%emt 0:00:01]} Qxc6 {[%emt 0:00:01]} 21. g4 {[%emt 0:00:01]} Bxg4 {[%emt 0:00:01]} 22. Nh2 {[%emt 0:00:02]} Bxh5 {[%emt 0:00:00]} 23. Bh4 {[%emt 0:00:01]} Qe4 {[%emt 0:00:01]} 24. Kg3 {[%emt 0:00:01]} g5 {[%emt 0:00:01]} 25. d5 {[%emt 0:00:02]} gxh4+ {[%emt 0:00:01]} 26. Kh3 {[%emt 0:00:01]} Qxe5 {[%emt 0:00:01]} 27. Rhg1 {[%emt 0:00:01]} Qf5+ {[%emt 0:00:01]} 28. Ng4 {[%emt 0:00:01]} Bxg4+ {[%emt 0:00:00]} 29. Rxg4 {[%emt 0:00:01]} Qf3+ {[%emt 0:00:01]} 30. Kxh4 {[%emt 0:00:00]} Ne3 {[%emt 0:00:01]} 31. Qb4 {[%emt 0:00:01]} Nxg4 {[%emt 0:00:01]} 32. Qxg4 {[%emt 0:00:00]} Qxg4+ {[%emt 0:00:01]} 33. Kxg4 {[%emt 0:00:01]} Rg8+ {[%emt 0:00:01]} 34. Kh4 {[%emt 0:00:01]} Kd7 {[%emt 0:00:01]} 35. Rxb7 {[%emt 0:00:01]} Rg5 {[%emt 0:00:01]} 36. dxe6+ {[%emt 0:00:01]} fxe6 {[%emt 0:00:01]} 37. a4 {[%emt 0:00:01]} a6 {[%emt 0:00:01]} 38. a5 {[%emt 0:00:01]} Rc5 {[%emt 0:00:01]} 39. Kh3 {[%emt 0:00:01]} h5 {[%emt 0:00:01]} 40. Kh4 {[%emt 0:00:02]} Rf5 {[%emt 0:00:01]} 41. Kh3 {[%emt 0:00:02]} Rg8 {[%emt 0:00:01]} 42. Ra7 {[%emt 0:00:02]} Rxa5 {[%emt 0:00:01]} 43. Kh4 {[%emt 0:00:03]} Rg4+ {[%emt 0:00:01]} 44. Kh3 {[%emt 0:00:01]} Ra2 {[%emt 0:00:01]} 45. Ra8 {[%emt 0:00:01]} Rg1 {[%emt 0:00:01]} 46. Rh8 {[%emt 0:00:01]} Ra3+ {[%emt 0:00:01]} 47. Kh2 {[%emt 0:00:01]} Rg5 {[%emt 0:00:01]} 48. Rb8 {[%emt 0:00:02]} a5 {[%emt 0:00:01]} 49. Rf8 {[%emt 0:00:01]} a4 {[%emt 0:00:01]} 50. Rf7+ {[%emt 0:00:01]} Kd6 {[%emt 0:00:01]} 51. Rf8 {[%emt 0:00:01]} Ke7 {[%emt 0:00:01]} 52. Rh8 {[%emt 0:00:01]} c5 {[%emt 0:00:01]} 53. Ra8 {[%emt 0:00:01]} h4 {[%emt 0:00:01]} 54. Rh8 {[%emt 0:00:01]} Rg4 {[%emt 0:00:01]} 55. Rc8 {[%emt 0:00:01]} c4 {[%emt 0:00:01]} 56. Rc7+ {[%emt 0:00:01]} Kd6 {[%emt 0:00:03]} 57. Rc8 {[%emt 0:00:01]} Kd5 {[%emt 0:00:01]} 58. Rc7 {[%emt 0:00:01]} h3 {[%emt 0:00:01]} 59. Rd7+ {[%emt 0:00:01]} Kc6 {[%emt 0:00:01]} 60. Rd2 {[%emt 0:00:01]} Re3 {[%emt 0:00:01]} 61. Rd8 {[%emt 0:00:01]} Rg2+ {[%emt 0:00:01]} 0-1

[Event "Test Tournament"]
[Site "Emanuel Lasker Arena"]
[Date "2024.04.09"]
[Round "3"]
[White "Roberta Draper"]
[Black "Antonella"]
[Result "0-1"]
[WhiteElo "1620"]
[BlackElo "2040"]
[Annotator "RC"]
[PlyCount "84"]
[EventDate "2024.04.09"]
[EventType "swiss (blitz)"]

1. e4 {[%emt 0:00:01]} Nf6 {[%emt 0:00:01]} 2. e5 {[%emt 0:00:01]} Nd5 {[%emt 0:00:01]} 3. d4 {[%emt 0:00:01]} d6 {[%emt 0:00:01]} 4. c4 {[%emt 0:00:01]} Nb6 {[%emt 0:00:01]} 5. f4 {[%emt 0:00:01]} dxe5 {[%emt 0:00:01]} 6. fxe5 {[%emt 0:00:01]} Nc6 {[%emt 0:00:01]} 7. Be3 {[%emt 0:00:01]} Bf5 {[%emt 0:00:01]} 8. Nc3 {[%emt 0:00:01]} Nb4 {[%emt 0:00:01]} 9. Rc1 {[%emt 0:00:01]} c5 {[%emt 0:00:02]} 10. Nf3 {[%emt 0:00:04]} cxd4 {[%emt 0:00:01]} 11. Nxd4 {[%emt 0:00:01]} Qd7 {[%emt 0:00:03]} 12. Nd5 {[%emt 0:00:04]} N6xd5 {[%emt 0:00:04]} 13. cxd5 {[%emt 0:00:01]} Be4 {[%emt 0:00:04]} 14. Bb5 {[%emt 0:00:01]} Nd3+ {[%emt 0:00:01]} 15. Ke2 {[%emt 0:00:01]} Nxc1+ {[%emt 0:00:01]} 16. Qxc1 {[%emt 0:00:01]} Bxd5 {[%emt 0:00:01]} 17. Bxd7+ {[%emt 0:00:01]} Kxd7 {[%emt 0:00:01]} 18. Qc5 {[%emt 0:00:07]} e6 {[%emt 0:00:03]} 19. Qa5 {[%emt 0:00:03]} a6 {[%emt 0:00:03]} 20. Rc1 {[%emt 0:00:02]} h6 {[%emt 0:00:02]} 21. Rc7+ {[%emt 0:00:02]} Ke8 {[%emt 0:00:01]} 22. Nf5 {[%emt 0:00:02]} b5 {[%emt 0:00:02]} 23. Nd6+ {[%emt 0:00:02]} Bxd6 {[%emt 0:00:01]} 24. exd6 {[%emt 0:00:01]} f6 {[%emt 0:00:02]} 25. d7+ {[%emt 0:00:01]} Kf8 {[%emt 0:00:02]} 26. Rc8+ {[%emt 0:00:01]} Kf7 {[%emt 0:00:01]} 27. Rxa8 {[%emt 0:00:01]} Rxa8 {[%emt 0:00:01]} 28. Qc7 {[%emt 0:00:01]} Bc4+ {[%emt 0:00:01]} 29. Kd2 {[%emt 0:00:01]} Kg8 {[%emt 0:00:03]} 30. Qc8+ {[%emt 0:00:01]} Rxc8 {[%emt 0:00:01]} 31. dxc8=Q+ {[%emt 0:00:01]} Kh7 {[%emt 0:00:01]} 32. Qc6 {[%emt 0:00:01]} a5 {[%emt 0:00:01]} 33. Bb6 {[%emt 0:00:01]} a4 {[%emt 0:00:01]} 34. g3 {[%emt 0:00:01]} f5 {[%emt 0:00:01]} 35. h4 {[%emt 0:00:02]} e5 {[%emt 0:00:01]} 36. h5 {[%emt 0:00:02]} Kh8 {[%emt 0:00:01]} 37. Qc8+ {[%emt 0:00:01]} Bg8 {[%emt 0:00:01]} 38. Qc6 {[%emt 0:00:02]} Bc4 {[%emt 0:00:01]} 39. Qc8+ {[%emt 0:00:01]} Bg8 {[%emt 0:00:01]} 40. Qc6 {[%emt 0:00:01]} e4 {[%emt 0:00:00]} 41. Bd4 {[%emt 0:00:01]} e3+ {[%emt 0:00:01]} 42. Ke1 {[%emt 0:00:01] .} Bxa2 {[%emt 0:00:00]} 0-1

[Event "Test Tournament"]
[Site "Emanuel Lasker Arena"]
[Date "2024.04.09"]
[Round "3"]
[White "Roberta Draper"]
[Black "Local Hero"]
[Result "1-0"]
[WhiteElo "1620"]
[BlackElo "1983"]
[Annotator "RC"]
[PlyCount "97"]
[EventDate "2024.04.09"]
[EventType "swiss (blitz)"]

1. e4 {[%emt 0:00:01]} c6 {[%emt 0:00:01]} 2. d4 {[%emt 0:00:01]} d5 {[%emt 0:00:01]} 3. e5 {[%emt 0:00:01]} Bf5 {[%emt 0:00:01]} 4. g4 {[%emt 0:00:01]} Be4 {[%emt 0:00:01]} 5. f3 {[%emt 0:00:01]} Bg6 {[%emt 0:00:04]} 6. h4 {[%emt 0:00:01]} h5 {[%emt 0:00:01]} 7. Nc3 {[%emt 0:00:01]} e6 {[%emt 0:00:01]} 8. Bg5 {[%emt 0:00:03]} f6 {[%emt 0:00:02]} 9. exf6 {[%emt 0:00:01]} gxf6 {[%emt 0:00:01]} 10. Bf4 {[%emt 0:00:04]} e5 {[%emt 0:00:04]} 11. dxe5 {[%emt 0:00:01]} hxg4 {[%emt 0:00:01]} 12. fxg4 {[%emt 0:00:01]} Qe7 {[%emt 0:00:03]} 13. Qd4 {[%emt 0:00:04]} Nd7 {[%emt 0:00:03]} 14. Nf3 {[%emt 0:00:03]} fxe5 {[%emt 0:00:01]} 15. Bxe5 {[%emt 0:00:01]} Bg7 {[%emt 0:00:00]} 16. O-O-O {[%emt 0:00:03]} Bxe5 {[%emt 0:00:01]} 17. Nxe5 {[%emt 0:00:01]} Nxe5 {[%emt 0:00:01]} 18. g5 {[%emt 0:00:01]} Rh5 {[%emt 0:00:03]} 19. Re1 {[%emt 0:00:03]} O-O-O {[%emt 0:00:03]} 20. Bh3+ {[%emt 0:00:01]} Kb8 {[%emt 0:00:02]} 21. Rxe5 {[%emt 0:00:01]} Rxh4 {[%emt 0:00:03]} 22. Qe3 {[%emt 0:00:01]} Qb4 {[%emt 0:00:03]} 23. Re6 {[%emt 0:00:03]} Bf7 {[%emt 0:00:03]} 24. a3 {[%emt 0:00:03]} Qf4 {[%emt 0:00:02]} 25. Rf1 {[%emt 0:00:02]} Qc7 {[%emt 0:00:01]} 26. Qf2 {[%emt 0:00:02]} Bxe6 {[%emt 0:00:01]} 27. Qxh4 {[%emt 0:00:01]} Qh2 {[%emt 0:00:02]} 28. g6 {[%emt 0:00:01]} Rc8 {[%emt 0:00:01]} 29. Rf7 {[%emt 0:00:02]} Qxh3 {[%emt 0:00:01]} 30. Qxh3 {[%emt 0:00:01]} Bxh3 {[%emt 0:00:01]} 31. Na4 {[%emt 0:00:01]} Be6 {[%emt 0:00:01]} 32. Rh7 {[%emt 0:00:01]} Nf6 {[%emt 0:00:01]} 33. Re7 {[%emt 0:00:01]} Bg4 {[%emt 0:00:01]} 34. Nc5 {[%emt 0:00:01]} b6 {[%emt 0:00:01]} 35. Na6+ {[%emt 0:00:01]} Ka8 {[%emt 0:00:01]} 36. Rf7 {[%emt 0:00:01]} Nd7 {[%emt 0:00:01]} 37. Nb4 {[%emt 0:00:01]} a5 {[%emt 0:00:00]} 38. Nd3 {[%emt 0:00:01]} Re8 {[%emt 0:00:00]} 39. b4 {[%emt 0:00:01]} axb4 {[%emt 0:00:01]} 40. axb4 {[%emt 0:00:01]} Re4 {[%emt 0:00:00]} 41. g7 {[%emt 0:00:01]} Re8 {[%emt 0:00:01]} 42. Re7 {[%emt 0:00:01]} Rxe7 {[%emt 0:00:00]} 43. g8=Q+ {[%emt 0:00:00]} Ka7 {[%emt 0:00:00]} 44. Qxg4 {[%emt 0:00:01]} Nb8 {[%emt 0:00:01]} 45. Qc8 {[%emt 0:00:01]} Rh7 {[%emt 0:00:01]} 46. Ne5 {[%emt 0:00:00]} Rh6 {[%emt 0:00:01]} 47. Qf8 {[%emt 0:00:01]} Rh7 {[%emt 0:00:00]} 48. Qg8 {[%emt 0:00:00]} Re7 {[%emt 0:00:00] '} 49. Qd8 {[%emt 0:00:00] (Lag: Av=0.06s, max=0.3s)} 1-0

[Event "Test Tournament"]
[Site "Emanuel Lasker Arena"]
[Date "2024.04.09"]
[Round "3"]
[White "Sauerbruch"]
[Black "Roberta Draper"]
[Result "*"]
[WhiteElo "1620"]
[BlackElo "1620"]
[Annotator "NA RC"]
[PlyCount "35"]
[EventDate "2024.04.09"]
[EventType "swiss (blitz)"]

{Sauerbruch resigns Roberta Draper resigns} 1. e4 {[%emt 0:00:01]} c5 {[%emt 0:00:01]} 2. Nf3 {[%emt 0:00:01]} d6 {[%emt 0:00:01]} 3. d4 {[%emt 0:00:01]} cxd4 {[%emt 0:00:01]} 4. Nxd4 {[%emt 0:00:01]} Nf6 {[%emt 0:00:01]} 5. Nc3 {[%emt 0:00:01]} a6 {[%emt 0:00:01]} 6. Bg5 {[%emt 0:00:01]} e6 {[%emt 0:00:01]} 7. f4 {[%emt 0:00:01]} Qb6 {[%emt 0:00:01]} 8. Qd2 {[%emt 0:00:01]} Qxb2 {[%emt 0:00:01]} 9. Rb1 {[%emt 0:00:01]} Qa3 {[%emt 0:00:01]} 10. f5 {[%emt 0:00:01]} Nc6 {[%emt 0:00:01]} 11. fxe6 {[%emt 0:00:01]} fxe6 {[%emt 0:00:01]} 12. Nxc6 {[%emt 0:00:01]} bxc6 {[%emt 0:00:01]} 13. e5 {[%emt 0:00:01]} dxe5 {[%emt 0:00:01]} 14. Rb3 {[%emt 0:00:01]} Qc5 {[%emt 0:00:01]} 15. Na4 {[%emt 0:00:04]} Qd4 {[%emt 0:00:04]} 16. h4 {[%emt 0:00:13]} Qxa4 {[%emt 0:00:01]} 17. h5 {[%emt 0:00:03]} Qd4 {[%emt 0:00:05]} 18. Qa5 {[%emt 0:00:03]} *

[Event "Test Tournament"]
[Site "Emanuel Lasker Arena"]
[Date "2024.04.09"]
[Round "3"]
[White "Sauerbruch"]
[Black "Lord Grantham"]
[Result "1-0"]
[WhiteElo "1620"]
[BlackElo "1766"]
[Annotator "NA RC"]
[PlyCount "47"]
[EventDate "2024.04.09"]
[EventType "swiss (blitz)"]

1. e4 {[%emt 0:00:01]} e5 {[%emt 0:00:01]} 2. Nf3 {[%emt 0:00:01]} Nc6 {[%emt 0:00:01]} 3. Bb5 {[%emt 0:00:01]} a6 {[%emt 0:00:01]} 4. Ba4 {[%emt 0:00:01]} Nf6 {[%emt 0:00:01]} 5. O-O {[%emt 0:00:01]} Be7 {[%emt 0:00:01]} 6. Re1 {[%emt 0:00:01]} b5 {[%emt 0:00:01]} 7. Bb3 {[%emt 0:00:01]} O-O {[%emt 0:00:01]} 8. c3 {[%emt 0:00:01]} d6 {[%emt 0:00:01]} 9. d4 {[%emt 0:00:01]} Bg4 {[%emt 0:00:01]} 10. Be3 {[%emt 0:00:01]} exd4 {[%emt 0:00:01]} 11. Bxd4 {[%emt 0:00:01]} Nxd4 {[%emt 0:00:01]} 12. cxd4 {[%emt 0:00:01]} c5 {[%emt 0:00:04]} 13. h3 {[%emt 0:00:02]} Bxf3 {[%emt 0:00:01]} 14. Qxf3 {[%emt 0:00:01]} cxd4 {[%emt 0:00:01]} 15. Qf5 {[%emt 0:00:03]} d3 {[%emt 0:00:04]} 16. g4 {[%emt 0:00:04]} Qa5 {[%emt 0:00:04]} 17. Nc3 {[%emt 0:00:03]} d2 {[%emt 0:00:01]} 18. Re2 {[%emt 0:00:03]} d5 {[%emt 0:00:01]} 19. g5 {[%emt 0:00:01]} g6 {[%emt 0:00:04]} 20. Qe5 {[%emt 0:00:06]} d1=Q+ {[%emt 0:00:01]} 21. Rxd1 {[%emt 0:00:01]} Bc5 {[%emt 0:00:03]} 22. gxf6 {[%emt 0:00:01]} Rfe8 {[%emt 0:00:02]} 23. Qxd5 {[%emt 0:00:01]} Qd8 {[%emt 0:00:02]} 24. Qxf7+ {[%emt 0:00:02] Lord Grantham resigns (Lag: Av=0.09s, max=0.5s)} 1-0

[Event "Test Tournament"]
[Site "Emanuel Lasker Arena"]
[Date "2024.04.09"]
[Round "3"]
[White "Sauerbruch"]
[Black "Girlfriend Chess"]
[Result "1-0"]
[WhiteElo "1620"]
[BlackElo "1753"]
[Annotator "NA RC"]
[PlyCount "61"]
[EventDate "2024.04.09"]
[EventType "swiss (blitz)"]
[TimeControl "60"]

1. e4 {[%emt 0:00:01]} Nf6 {[%emt 0:00:01]} 2. e5 {[%emt 0:00:01]} Nd5 {[%emt 0:00:01]} 3. d4 {[%emt 0:00:01]} d6 {[%emt 0:00:01]} 4. c4 {[%emt 0:00:01]} Nb6 {[%emt 0:00:01]} 5. f4 {[%emt 0:00:01]} dxe5 {[%emt 0:00:01]} 6. fxe5 {[%emt 0:00:00]} Bf5 {[%emt 0:00:01]} 7. Be3 {[%emt 0:00:01]} Nc6 {[%emt 0:00:01]} 8. Nc3 {[%emt 0:00:01]} Nb4 {[%emt 0:00:01]} 9. Rc1 {[%emt 0:00:01]} c5 {[%emt 0:00:03]} 10. Nf3 {[%emt 0:00:02]} cxd4 {[%emt 0:00:02]} 11. Nxd4 {[%emt 0:00:01]} Qd7 {[%emt 0:00:04]} 12. Nd5 {[%emt 0:00:04]} N6xd5 {[%emt 0:00:01]} 13. cxd5 {[%emt 0:00:01]} Nxd5 {[%emt 0:00:01]} 14. Nxf5 {[%emt 0:00:01]} e6 {[%emt 0:00:04]} 15. Qb3 {[%emt 0:00:03]} a5 {[%emt 0:00:03]} 16. Bb5 {[%emt 0:00:08]} Bb4+ {[%emt 0:00:01]} 17. Qxb4 {[%emt 0:00:01]} axb4 {[%emt 0:00:01]} 18. Nd6+ {[%emt 0:00:01]} Kd8 {[%emt 0:00:01]} 19. Bxd7 {[%emt 0:00:01]} Kxd7 {[%emt 0:00:01]} 20. Kd2 {[%emt 0:00:03]} Rxa2 {[%emt 0:00:01]} 21. Bd4 {[%emt 0:00:02]} h5 {[%emt 0:00:03]} 22. Rc5 {[%emt 0:00:01]} Rha8 {[%emt 0:00:03]} 23. Rhc1 {[%emt 0:00:02]} g5 {[%emt 0:00:03]} 24. Rc8 {[%emt 0:00:02]} f5 {[%emt 0:00:02]} 25. g3 {[%emt 0:00:02]} f4 {[%emt 0:00:02]} 26. R8c4 {[%emt 0:00:02]} f3 {[%emt 0:00:02]} 27. h4 {[%emt 0:00:02]} Ne3 {[%emt 0:00:05]} 28. Rc7+ {[%emt 0:00:01]} Kd8 {[%emt 0:00:01]} 29. Kxe3 {[%emt 0:00:00]} Ra1 {[%emt 0:00:01]} 30. Bb6 {[%emt 0:00:01]} R8a2 {[%emt 0:00:01]} 31. Rxb7# {[%emt 0:00:01] (Lag: Av=0.06s, max=0.3s)} 1-0

[Event "Test Tournament"]
[Site "Emanuel Lasker Arena"]
[Date "2024.04.09"]
[Round "3"]
[White "Schachmatz"]
[Black "Mrs Florrick"]
[Result "1-0"]
[WhiteElo "1620"]
[BlackElo "1780"]
[Annotator "NA RC"]
[PlyCount "31"]
[EventDate "2024.04.09"]
[EventType "swiss (blitz)"]
[TimeControl "60"]

1. d4 {[%emt 0:00:01]} Nf6 {[%emt 0:00:01]} 2. Nc3 {[%emt 0:00:01]} d5 {[%emt 0:00:01]} 3. Bg5 {[%emt 0:00:01]} e6 {[%emt 0:00:01]} 4. e4 {[%emt 0:00:01]} dxe4 {[%emt 0:00:01]} 5. Nxe4 {[%emt 0:00:01]} Be7 {[%emt 0:00:01]} 6. Bxf6 {[%emt 0:00:01]} gxf6 {[%emt 0:00:02]} 7. Nf3 {[%emt 0:00:01]} f5 {[%emt 0:00:01]} 8. Ng3 {[%emt 0:00:01]} c5 {[%emt 0:00:01]} 9. Bb5+ {[%emt 0:00:01]} Nc6 {[%emt 0:00:02]} 10. Qe2 {[%emt 0:00:03]} cxd4 {[%emt 0:00:01]} 11. O-O-O {[%emt 0:00:03]} Qd5 {[%emt 0:00:04]} 12. c4 {[%emt 0:00:07]} dxc3 {[%emt 0:00:04]} 13. Rxd5 {[%emt 0:00:01]} cxb2+ {[%emt 0:00:01]} 14. Qxb2 {[%emt 0:00:01]} O-O {[%emt 0:00:03]} 15. Nh5 {[%emt 0:00:01]} exd5 {[%emt 0:00:03]} 16. Qg7# {[%emt 0:00:02] (Lag: Av=0.07s, max=0.4s)} 1-0

[Event "Test Tournament"]
[Site "Emanuel Lasker Arena"]
[Date "2024.04.09"]
[Round "3"]
[White "Stratospheric"]
[Black "Local Hero"]
[Result "0-1"]
[WhiteElo "1620"]
[BlackElo "1983"]
[Annotator "RC"]
[PlyCount "26"]
[EventDate "2024.04.09"]
[EventType "swiss (blitz)"]

1. d4 {[%emt 0:00:01]} Nf6 {[%emt 0:00:01]} 2. c4 {[%emt 0:00:01]} e6 {[%emt 0:00:01]} 3. g3 {[%emt 0:00:01]} d5 {[%emt 0:00:01]} 4. Bg2 {[%emt 0:00:01]} Be7 {[%emt 0:00:01]} 5. Nf3 {[%emt 0:00:01]} O-O {[%emt 0:00:01]} 6. O-O {[%emt 0:00:01]} dxc4 {[%emt 0:00:01]} 7. Qc2 {[%emt 0:00:01]} b5 {[%emt 0:00:01]} 8. a4 {[%emt 0:00:01]} c6 {[%emt 0:00:01]} 9. Ne5 {[%emt 0:00:01]} Qxd4 {[%emt 0:00:01]} 10. Nxf7 {[%emt 0:00:04]} Rxf7 {[%emt 0:00:01]} 11. axb5 {[%emt 0:00:01]} Ng4 {[%emt 0:00:02]} 12. bxc6 {[%emt 0:00:04]} Rxf2 {[%emt 0:00:01]} 13. Rxf2 {[%emt 0:00:01]} Qxf2+ {[%emt 0:00:04] Stratospheric resigns (Lag: Av=0.09s, max=0.6s)} 0-1

[Event "Test Tournament"]
[Site "Emanuel Lasker Arena"]
[Date "2024.04.09"]
[Round "3"]
[White "Stratospheric"]
[Black "Girlfriend Chess"]
[Result "1-0"]
[WhiteElo "1620"]
[BlackElo "1752"]
[Annotator "NA RC"]
[PlyCount "79"]
[EventDate "2024.04.09"]
[EventType "swiss (blitz)"]

1. d4 {[%emt 0:00:01]} d5 {[%emt 0:00:01]} 2. c4 {[%emt 0:00:01]} e6 {[%emt 0:00:01]} 3. Nf3 {[%emt 0:00:01]} Nf6 {[%emt 0:00:01]} 4. g3 {[%emt 0:00:01]} dxc4 {[%emt 0:00:00]} 5. Bg2 {[%emt 0:00:01]} c5 {[%emt 0:00:01]} 6. O-O {[%emt 0:00:01]} Nc6 {[%emt 0:00:00]} 7. dxc5 {[%emt 0:00:01]} Bxc5 {[%emt 0:00:01]} 8. Qxd8+ {[%emt 0:00:01]} Kxd8 {[%emt 0:00:01]} 9. Nbd2 {[%emt 0:00:01]} b5 {[%emt 0:00:04]} 10. Ng5 {[%emt 0:00:01]} Kd7 {[%emt 0:00:05]} 11. Nxf7 {[%emt 0:00:01]} Rg8 {[%emt 0:00:04]} 12. a4 {[%emt 0:00:04]} g5 {[%emt 0:00:09]} 13. axb5 {[%emt 0:00:01]} Nd4 {[%emt 0:00:03]} 14. Ne5+ {[%emt 0:00:05]} Kc7 {[%emt 0:00:02]} 15. Bxa8 {[%emt 0:00:01]} Nxe2+ {[%emt 0:00:00]} 16. Kh1 {[%emt 0:00:00]} Bb7+ {[%emt 0:00:03]} 17. Bxb7 {[%emt 0:00:03]} Kxb7 {[%emt 0:00:01]} 18. Ndxc4 {[%emt 0:00:01]} Ne4 {[%emt 0:00:02]} 19. Be3 {[%emt 0:00:03]} Bxe3 {[%emt 0:00:01]} 20. Nxe3 {[%emt 0:00:01]} Rd8 {[%emt 0:00:02]} 21. Rad1 {[%emt 0:00:04]} Rd2 {[%emt 0:00:01]} 22. Rxd2 {[%emt 0:00:02]} Nxd2 {[%emt 0:00:00]} 23. Ra1 {[%emt 0:00:02]} Kb6 {[%emt 0:00:01]} 24. Ra6+ {[%emt 0:00:02]} Kxb5 {[%emt 0:00:01]} 25. Rxa7 {[%emt 0:00:01]} Kc5 {[%emt 0:00:01]} 26. Rxh7 {[%emt 0:00:02]} Nd4 {[%emt 0:00:01]} 27. Rd7 {[%emt 0:00:02]} N2b3 {[%emt 0:00:01]} 28. Rg7 {[%emt 0:00:01]} Nc1 {[%emt 0:00:03]} 29. Rxg5 {[%emt 0:00:01]} Kb4 {[%emt 0:00:01]} 30. Rg4 {[%emt 0:00:01]} Ka4 {[%emt 0:00:01]} 31. Rxd4+ {[%emt 0:00:01]} Kb3 {[%emt 0:00:00]} 32. Rd6 {[%emt 0:00:01]} Kxb2 {[%emt 0:00:00]} 33. Rxe6 {[%emt 0:00:01]} Nb3 {[%emt 0:00:01]} 34. Nd5 {[%emt 0:00:01]} Nd4 {[%emt 0:00:01]} 35. Rb6+ {[%emt 0:00:01]} Kc1 {[%emt 0:00:01]} 36. h4 {[%emt 0:00:01]} Kd1 {[%emt 0:00:01]} 37. h5 {[%emt 0:00:01]} Kc1 {[%emt 0:00:01]} 38. h6 {[%emt 0:00:01]} Kd1 {[%emt 0:00:01]} 39. h7 {[%emt 0:00:01]} Ke2 {[%emt 0:00:01] '} 40. Kg2 {[%emt 0:00:01] (Lag: Av=0.06s, max=0.1s)} 1-0

[Event "Test Tournament"]
[Site "Emanuel Lasker Arena"]
[Date "2024.04.09"]
[Round "3"]
[White "Triskaidekaphobe"]
[Black "Jamie Fraser"]
[Result "0-1"]
[WhiteElo "1620"]
[BlackElo "2119"]
[Annotator "RC"]
[PlyCount "66"]
[EventDate "2024.04.09"]
[EventType "swiss (blitz)"]
[TimeControl "60"]

1. e4 {[%emt 0:00:01]} e5 {[%emt 0:00:01]} 2. Nf3 {[%emt 0:00:01]} Nc6 {[%emt 0:00:01]} 3. Bb5 {[%emt 0:00:01]} a6 {[%emt 0:00:01]} 4. Ba4 {[%emt 0:00:01]} Nf6 {[%emt 0:00:01]} 5. O-O {[%emt 0:00:01]} b5 {[%emt 0:00:01]} 6. Bb3 {[%emt 0:00:01]} Bb7 {[%emt 0:00:01]} 7. d3 {[%emt 0:00:01]} Bc5 {[%emt 0:00:04]} 8. a4 {[%emt 0:00:01]} O-O {[%emt 0:00:00]} 9. Bg5 {[%emt 0:00:01]} h6 {[%emt 0:00:01]} 10. Bh4 {[%emt 0:00:01]} Qe7 {[%emt 0:00:01]} 11. c3 {[%emt 0:00:01]} d6 {[%emt 0:00:01]} 12. Nbd2 {[%emt 0:00:02]} g5 {[%emt 0:00:02]} 13. axb5 {[%emt 0:00:04]} axb5 {[%emt 0:00:01]} 14. Bg3 {[%emt 0:00:06]} Rxa1 {[%emt 0:00:01]} 15. Qxa1 {[%emt 0:00:01]} Ra8 {[%emt 0:00:05]} 16. Qc1 {[%emt 0:00:03]} Ng4 {[%emt 0:00:03]} 17. Re1 {[%emt 0:00:07]} Qf6 {[%emt 0:00:02]} 18. h3 {[%emt 0:00:03]} h5 {[%emt 0:00:03]} 19. hxg4 {[%emt 0:00:01]} h4 {[%emt 0:00:03]} 20. Bh2 {[%emt 0:00:02]} b4 {[%emt 0:00:03]} 21. Qd1 {[%emt 0:00:03]} Kg7 {[%emt 0:00:02]} 22. Bd5 {[%emt 0:00:02]} Ra6 {[%emt 0:00:02]} 23. Nb3 {[%emt 0:00:02]} Bb6 {[%emt 0:00:02]} 24. d4 {[%emt 0:00:02]} exd4 {[%emt 0:00:02]} 25. cxd4 {[%emt 0:00:01]} Ra2 {[%emt 0:00:02]} 26. Qc2 {[%emt 0:00:02]} h3 {[%emt 0:00:01]} 27. Bxc6 {[%emt 0:00:01]} Bxc6 {[%emt 0:00:01]} 28. Qxc6 {[%emt 0:00:00]} Rxb2 {[%emt 0:00:01]} 29. Qd5 {[%emt 0:00:02]} c6 {[%emt 0:00:02]} 30. Qxc6 {[%emt 0:00:01]} Rxb3 {[%emt 0:00:01]} 31. Qxb6 {[%emt 0:00:01]} Rxf3 {[%emt 0:00:00]} 32. gxf3 {[%emt 0:00:00]} Qxf3 {[%emt 0:00:01]} 33. Bxd6 {[%emt 0:00:01]} Qg2# {[%emt 0:00:01] (Lag: Av=0.07s, max=0.7s)} 0-1